Pokémon Kanto Pokémon's (Mega's, Forms, and Gigantamax) - Statistics

General Stats
  • This quiz has been taken 13 times
  • The average score is 186 of 220
Answer Stats
Picture Answer % Correct
Abra
100%
Alakazam
100%
Beedrill
100%
Bellsprout
100%
Blastoise
100%
Bulbasaur
100%
Butterfree
100%
Caterpie
100%
Charizard
100%
Charmander
100%
Charmeleon
100%
Clefable
100%
Clefairy
100%
Diglett
100%
Fearow
100%
Gigantamax Blastoise
100%
Gigantamax Butterfree
100%
Gigantamax Charizard
100%
Gigantamax Pikachu
100%
Gigantamax Venusaur
100%
Gloom
100%
Growlithe
100%
Ivysaur
100%
Jigglypuff
100%
Kadabra
100%
Kakuna
100%
Machamp
100%
Machop
100%
Mankey
100%
Mega Beedrill
100%
Mega Blastoise
100%
Mega Clefable
100%
Mega Pidgeot
100%
Mega Venusaur
100%
Meowth
100%
Metapod
100%
Nidoking
100%
Nidoqueen
100%
Nidoran
100%
Nidoran
100%
Nidorina
100%
Nidorino
100%
Oddish
100%
Paras
100%
Persian
100%
Pidgeot
100%
Pidgeotto
100%
Pidgey
100%
Pikachu
100%
Psyduck
100%
Raichu
100%
Rattata
100%
Sandshrew
100%
Sandslash
100%
Spearow
100%
Squirtle
100%
Tentacruel
100%
Venusaur
100%
Vileplume
100%
Vulpix
100%
Wartortle
100%
Weedle
100%
Alolan Diglett
91%
Alolan Dugtrio
91%
Alolan Meowth
91%
Alolan Ninetales
91%
Alolan Persian
91%
Alolan Raichu
91%
Alolan Rattata
91%
Alolan Sandshrew
91%
Alolan Sandslash
91%
Alolan Vulpix
91%
Arcanine
91%
Dugtrio
91%
Galarian Meowth
91%
Geodude
91%
Gigantamax Machamp
91%
Gigantamax Meowth
91%
Golduck
91%
Hisuian Arcanine
91%
Hisuian Growlithe
91%
Mega Alakazam
91%
Mega Charizard X
91%
Mega Charizard Y
91%
Mega Raichu X
91%
Mega Raichu Y
91%
Ninetales
91%
Parasect
91%
Poliwag
91%
Poliwhirl
91%
Poliwrath
91%
Ponyta
91%
Raticate
91%
Tentacool
91%
Wigglytuff
91%
Zubat
91%
Alolan Geodude
82%
Alolan Golem
82%
Alolan Graveler
82%
Alolan Grimer
82%
Alolan Muk
82%
Alolan Raticate
82%
Arbok
82%
Ditto
82%
Doduo
82%
Ekans
82%
Farfetch'd
82%
Galarian Farfetch'd
82%
Galarian Ponyta
82%
Galarian Rapidash
82%
Galarian Slowbro
82%
Galarian Slowpoke
82%
Gastly
82%
Gengar
82%
Gigantamax Gengar
82%
Golem
82%
Graveler
82%
Grimer
82%
Haunter
82%
Mega Gengar
82%
Mega Slowbro
82%
Muk
82%
Onix
82%
Primeape
82%
Rapidash
82%
Seel
82%
Slowbro
82%
Slowpoke
82%
Venomoth
82%
Weepinbell
82%
Aerodactyl
73%
Alolan Exeggutor
73%
Alolan Marowak
73%
Articuno
73%
Chansey
73%
Cloyster
73%
Cubone
73%
Dewgong
73%
Dodrio
73%
Dragonair
73%
Dragonite
73%
Dratini
73%
Drowzee
73%
Eevee
73%
Electabuzz
73%
Electrode
73%
Exeggcute
73%
Exeggutor
73%
Flareon
73%
Galarian Articuno
73%
Galarian Moltres
73%
Galarian Mr. Mime
73%
Galarian Weezing
73%
Galarian Zapdos
73%
Gigantamax Eevee
73%
Gigantamax Kingler
73%
Gigantamax Lapras
73%
Gigantamax Snorlax
73%
Golbat
73%
Goldeen
73%
Gyarados
73%
Hisuian Electrode
73%
Hisuian Voltorb
73%
Hitmonchan
73%
Hitmonlee
73%
Horsea
73%
Hypno
73%
Jolteon
73%
Jynx
73%
Kabuto
73%
Kabutops
73%
Kangaskhan
73%
Kingler
73%
Koffing
73%
Krabby
73%
Lapras
73%
Lickitung
73%
Machoke
73%
Magikarp
73%
Magmar
73%
Magnemite
73%
Magneton
73%
Marowak
73%
Mega Aerodactyl
73%
Mega Dragonite
73%
Mega Gyarados
73%
Mega Kangaskhan
73%
Mega Mewtwo X
73%
Mega Mewtwo Y
73%
Mega Pinsir
73%
Mega Starmie
73%
Mega Victreebel
73%
Mew
73%
Mewtwo
73%
Moltres
73%
Mr. Mime
73%
Omanyte
73%
Omastar
73%
Pinsir
73%
Porygon
73%
Rhydon
73%
Rhyhorn
73%
Scyther
73%
Seadra
73%
Seaking
73%
Shellder
73%
Snorlax
73%
Starmie
73%
Staryu
73%
Tangela
73%
Tauros
73%
Vaporeon
73%
Venonat
73%
Victreebel
73%
Voltorb
73%
Weezing
73%
Zapdos
73%
Paldean Tauros Aqua Breed
55%
Paldean Tauros Blaze Breed
55%
Paldean Tauros Combat Breed
55%
No matching quizzes found
Score Distribution
Percent of People with Each Score
Percentile by Number Answered
Your Score History
You have not taken this quiz